The theory and craft of digital preservation /

Bibliographic Details
Main Author: Owens, Trevor (Author)
Corporate Author: ProQuest (Firm)
Format: eBook
Language:English
Published: Baltimore : Johns Hopkins University Press, 2018.
Subjects:
Online Access:Connect to the full text of this electronic book

MARC

Tag First Indicator Second Indicator Subfields
LEADER 00000cam a22000001i 4500
001 in00004028613
006 m |o d |
007 cr |n|||||||||
008 181206t20182018mdua ob 001 0 eng d
005 20221130133926.6
020 |a 9781421426983 (electronic bk.) 
020 |a 1421426986 (electronic bk.) 
020 |z 9781421426976 
020 |z 1421426978 
024 8 |a 99980486632 
035 |a (NhCcYBP)ebc5339543 
035 |a in00004028613 
040 |a NhCcYBP  |c NhCcYBP  |d UtOrBLW 
050 4 |a Z701.3.C65  |b O94 2018 
082 0 4 |a 025.8/4  |2 23 
100 1 |a Owens, Trevor,  |e author. 
245 1 4 |a The theory and craft of digital preservation /  |c Trevor Owens. 
264 1 |a Baltimore :  |b Johns Hopkins University Press,  |c 2018. 
264 4 |c ©2018 
300 |a 1 online resource. 
336 |a text  |b txt  |2 rdacontent 
337 |a computer  |b c  |2 rdamedia 
338 |a online resource  |b cr  |2 rdacarrier 
504 |a Includes bibliographical references and index. 
505 0 |a Preservation's divergent lineages -- Understanding digital objects -- Challenges and opportunities of digital preservation -- The craft of digital preservation -- Preservation intent and collection development -- Managing copies and formats -- Arranging and describing digital objects -- Enabling multimodal access and use -- Conclusions: tools for looking forward. 
588 |a Description based on print version record. 
500 |a Electronic resource. 
650 0 |a Digital preservation.  |0 http://id.loc.gov/authorities/subjects/sh95004496 
650 0 |a Digital libraries  |x Management.  |0 http://id.loc.gov/authorities/subjects/sh2010006555 
655 7 |a Electronic books.  |2 local 
710 2 |a ProQuest (Firm)  |0 http://id.loc.gov/authorities/names/n2007068018 
776 1 8 |c Original  |z 9781421426976  |z 1421426978  |w (DLC) 2018010715 
856 4 0 |u https://ebookcentral.proquest.com/lib/tamucs/detail.action?docID=5339543  |z Connect to the full text of this electronic book  |t 0 
955 |a YBP purchased DDA e-records 
980 |b 52.43  |g 1 
987 |a ybp15805264 
999 f f |s 90743ea6-f3b0-46e5-bb58-6b439b5c478d  |i b5b029a9-ff0d-30e7-bac7-1dd829aa0ce9  |t 0 
952 f f |a Texas A&M University  |b College Station  |c Electronic Resources  |d Available Online  |t 0  |e Z701.3.C65 O94 2018  |h Library of Congress classification 
998 f f |a Z701.3.C65 O94 2018  |t 0  |l Available Online